[Event "42. Torneo Capablanca In Memoriam-Open"]
[Site "La Habana CUB"]
[Date "2007.05.19"]
[Round "2.9"]
[White "Pazos Gambarrotti, Plinio"]
[Black "Mateo, Ramon"]
[Result "0-1"]
[WhiteElo "2375"]
[BlackElo "2448"]
[PlyCount "76"]
[EventDate "2007.05.18"]
[EventType "swiss"]
[EventRounds "9"]
[EventCountry "CUB"]
[Source "lmi"]
[SourceDate "2007.05.18"]

1. d4 Nf6 2. Nf3 b5 3. e3 a6 4. Bd3 Bb7 5. O-O e6 6. Qe2 c5 7. c3 d6 8. e4 Nbd7
9. Nbd2 cxd4 10. cxd4 Be7 11. Re1 e5 12. Nb3 O-O 13. Bd2 a5 14. Bxb5 a4 15. Nc1
Nxe4 16. Be3 exd4 17. Bxd4 Bf6 18. Nd3 Ndc5 19. Rad1 Ne6 20. Be3 a3 21. Bc1 Qc7
22. Bd2 axb2 23. a4 Nxd2 24. Rxd2 Bc3 25. Nxb2 Bxf3 26. gxf3 Nf4 27. Qc4 Qa5
28. Rxd6 Bxb2 29. Red1 Ng6 30. f4 Qc3 31. Qe4 Rac8 32. R1d2 Qc1+ 33. Kg2 Bf6
34. R6d3 Nh4+ 35. Kh3 Qf1+ 36. Kg4 Rc5 37. Rd5 h5+ 38. Kxh5 Qh3 0-1

[Event "42. Torneo Capablanca In Memoriam-Open"]
[Site "La Habana CUB"]
[Date "2007.05.19"]
[Round "2.10"]
[White "Pozo Vera, Sandro"]
[Black "Leyva Proenza, Ricardo"]
[Result "1-0"]
[WhiteElo "2448"]
[BlackElo "2360"]
[PlyCount "83"]
[EventDate "2007.05.18"]
[EventType "swiss"]
[EventRounds "9"]
[EventCountry "CUB"]
[Source "lmi"]
[SourceDate "2007.05.18"]

1. Nf3 d5 2. c4 d4 3. e3 Nc6 4. exd4 Nxd4 5. Nxd4 Qxd4 6. Nc3 c6 7. d3 Nf6 8.
Be3 Qd8 9. Be2 e5 10. O-O Be7 11. a3 O-O 12. b4 Bf5 13. h3 Qc8 14. Qc2 h6 15.
Rfd1 Qe6 16. Ne4 Nd7 17. Rab1 b6 18. a4 Bg6 19. b5 Rac8 20. bxc6 Qxc6 21. Bf3
Qc7 22. Nc3 Bc5 23. Nb5 Qb8 24. Qe2 Rfe8 25. Nc3 Bd4 26. Nd5 Nc5 27. Bxd4 exd4
28. Qc2 Qd6 29. g3 Re5 30. Nf4 Bf5 31. h4 Bd7 32. Ra1 Rf5 33. Bg4 Rxf4 34. Bxd7
Qxd7 35. gxf4 Qg4+ 36. Kf1 Re8 37. Re1 Qh3+ 38. Kg1 Qg4+ 39. Kf1 Qh3+ 40. Kg1
Rd8 41. Qe2 Nxd3 42. Ra3 1-0

[Event "42. Torneo Capablanca In Memoriam-Open"]
[Site "La Habana CUB"]
[Date "2007.05.19"]
[Round "2.11"]
[White "Soto Paez, Oliver"]
[Black "Prasca, Raphael"]
[Result "1/2-1/2"]
[WhiteElo "2350"]
[BlackElo "2439"]
[PlyCount "37"]
[EventDate "2007.05.18"]
[EventType "swiss"]
[EventRounds "9"]
[EventCountry "CUB"]
[Source "lmi"]
[SourceDate "2007.05.18"]

1. d4 Nf6 2. c4 g6 3. Nc3 Bg7 4. e4 d6 5. Nf3 O-O 6. Be2 e5 7. dxe5 dxe5 8.
Qxd8 Rxd8 9. Nd5 Nxd5 10. cxd5 c6 11. Bc4 cxd5 12. Bxd5 Nc6 13. Bxc6 bxc6 14.
Be3 Be6 15. O-O Rdb8 16. b3 a5 17. Rfc1 a4 18. bxa4 Rxa4 19. Rxc6 1/2-1/2

[Event "42. Torneo Capablanca In Memoriam-Open"]
[Site "La Habana CUB"]
[Date "2007.05.19"]
[Round "2.12"]
[White "Gomez, Felix"]
[Black "Baron Rodriguez, Jesus"]
[Result "1/2-1/2"]
[WhiteElo "2329"]
[BlackElo "2431"]
[PlyCount "88"]
[EventDate "2007.05.18"]
[EventType "swiss"]
[EventRounds "9"]
[EventCountry "CUB"]
[Source "lmi"]
[SourceDate "2007.05.18"]

1. e4 Nf6 2. e5 Nd5 3. d4 d6 4. c4 Nb6 5. exd6 exd6 6. Be2 Be7 7. Nf3 O-O 8.
O-O Bg4 9. Nc3 Nc6 10. b3 Bf6 11. Be3 d5 12. c5 Nc8 13. h3 Bf5 14. Rc1 Re8 15.
Qd2 h6 16. Nh2 N8e7 17. Ng4 Bxg4 18. Bxg4 Ng6 19. g3 Nf8 20. Ne2 Ne6 21. b4 a6
22. a3 Ng5 23. Nc3 g6 24. h4 Ne4 25. Nxe4 dxe4 26. d5 Ne5 27. Be2 h5 28. Kg2
Qd7 29. Rfd1 Qf5 30. Bg5 Nd3 31. Bxd3 Qf3+ 32. Kg1 Bxg5 33. hxg5 exd3 34. Rc3
Re2 35. Qf4 Qxf4 36. gxf4 Re4 37. Rdxd3 Rxf4 38. d6 cxd6 39. cxd6 Rd8 40. Rc7
b5 41. Rc5 Kf8 42. d7 Re4 43. Kg2 Ke7 44. Rcd5 Re6 1/2-1/2

[Event "42. Torneo Capablanca In Memoriam-Open"]
[Site "La Habana CUB"]
[Date "2007.05.19"]
[Round "2.13"]
[White "Diaz Diaz, Joaquin Carlos"]
[Black "Barrientos, Sergio"]
[Result "0-1"]
[WhiteElo "2323"]
[BlackElo "2428"]
[PlyCount "95"]
[EventDate "2007.05.18"]
[EventType "swiss"]
[EventRounds "9"]
[EventCountry "CUB"]
[Source "lmi"]
[SourceDate "2007.05.18"]

1. e4 c5 2. Nf3 Nc6 3. Nc3 e5 4. Bc4 Be7 5. d3 Nf6 6. Bg5 d6 7. Bxf6 Bxf6 8.
Nd5 Rb8 9. a4 O-O 10. h3 Bg5 11. O-O Bh6 12. Nh2 Be6 13. Ng4 Qh4 14. Kh2 Kh8
15. Nde3 Bxe3 16. Nxe3 Ne7 17. Qf3 Rbd8 18. Qg3 Qf4 19. Rae1 g5 20. Qxf4 gxf4
21. Bxe6 fxe6 22. Nc4 Nc6 23. g4 Rfe8 24. Nd2 Kg7 25. Kg2 Kf6 26. Nf3 h6 27. c3
Rg8 28. Re2 a6 29. Ra1 Rd7 30. a5 d5 31. Nd2 h5 32. f3 Rh7 33. Ree1 Rd8 34. Ra4
d4 35. cxd4 Nxd4 36. Rc1 Nc6 37. Ra3 hxg4 38. fxg4 Nd4 39. Rh1 Nc2 40. Rc3 Ne3+
41. Kf2 Nxg4+ 42. Ke2 Ne3 43. Rxc5 Rg7 44. Rh2 Rg1 45. Rxe5 Rd1 46. Nf3 Rb1 47.
Rc5 Rxb2+ 48. Ke1 0-1

[Event "42. Torneo Capablanca In Memoriam-Open"]
[Site "La Habana CUB"]
[Date "2007.05.19"]
[Round "2.14"]
[White "Gongora Reyes, Maikel"]
[Black "Lebredo Zaragoitia, Gerardo"]
[Result "1-0"]
[WhiteElo "2422"]
[BlackElo "2256"]
[PlyCount "81"]
[EventDate "2007.05.18"]
[EventType "swiss"]
[EventRounds "9"]
[EventCountry "CUB"]
[Source "lmi"]
[SourceDate "2007.05.18"]

1. c4 e6 2. Nc3 Bb4 3. Qc2 Nf6 4. a3 Bxc3 5. Qxc3 b6 6. Nf3 Bb7 7. b4 d6 8. Bb2
Nbd7 9. e3 O-O 10. Be2 Qe7 11. O-O Ne8 12. d4 f5 13. Rad1 Nef6 14. Nd2 Ne4 15.
Nxe4 fxe4 16. d5 exd5 17. cxd5 Ne5 18. Qc2 Nf3+ 19. Kh1 Nh4 20. Rd4 Rae8 21.
Rc4 Rf7 22. Bh5 Ng6 23. Bxg6 hxg6 24. Rc1 Bxd5 25. Rxc7 Qe6 26. Qc3 Rxc7 27.
Qxc7 Re7 28. Qb8+ Kh7 29. Rc8 g5 30. h3 Kg6 31. Rf8 Bc4 32. Bd4 Bb5 33. Kg1 d5
34. Qg3 Rf7 35. Rh8 Be2 36. h4 g4 37. h5+ Kg5 38. h6 g6 39. h7 Qc6 40. Qe5+ Kh6
41. Rc8 1-0

[Event "42. Torneo Capablanca In Memoriam-Open"]
[Site "La Habana CUB"]
[Date "2007.05.19"]
[Round "2.15"]
[White "Miranda, Yerisbel"]
[Black "Perez Garcia, Rodney"]
[Result "1/2-1/2"]
[WhiteElo "2102"]
[BlackElo "2421"]
[PlyCount "81"]
[EventDate "2007.05.18"]
[EventType "swiss"]
[EventRounds "9"]
[EventCountry "CUB"]
[Source "lmi"]
[SourceDate "2007.05.18"]

1. d4 d6 2. c4 e5 3. dxe5 dxe5 4. Qxd8+ Kxd8 5. Nc3 Be6 6. b3 Nd7 7. Bb2 Nh6 8.
e3 f6 9. Nf3 c6 10. Be2 Kc7 11. O-O Nf7 12. Rfd1 a5 13. Ne1 f5 14. Na4 Be7 15.
Nc2 h5 16. Rac1 h4 17. Na3 Nc5 18. Nxc5 Bxc5 19. Nc2 g5 20. Ne1 Be7 21. Nd3 e4
22. Ne1 Rh6 23. Nc2 c5 24. Na3 a4 25. Nb5+ Kc6 26. Nc3 axb3 27. axb3 Bf6 28.
Ra1 Rhh8 29. Na4 Bxb2 30. Nxb2 Rxa1 31. Rxa1 Rd8 32. Na4 Rd2 33. Kf1 Ne5 34.
Ke1 Rd8 35. Rd1 Rxd1+ 36. Kxd1 Nf7 37. Nc3 Kb6 38. Na4+ Kc6 39. Nc3 Kb6 40.
Na4+ Kc6 41. Nc3 1/2-1/2

[Event "42. Torneo Capablanca In Memoriam-Open"]
[Site "La Habana CUB"]
[Date "2007.05.19"]
[Round "2.16"]
[White "Almeida Quintana, Omar"]
[Black "Ordaz Valdes, Lisandra"]
[Result "1-0"]
[WhiteElo "2488"]
[BlackElo "2222"]
[PlyCount "51"]
[EventDate "2007.05.18"]
[EventType "swiss"]
[EventRounds "9"]
[EventCountry "CUB"]
[Source "lmi"]
[SourceDate "2007.05.18"]

1. d4 d5 2. c4 e6 3. Nf3 Nf6 4. Nc3 Be7 5. Bg5 h6 6. Bh4 O-O 7. e3 b6 8. Qb3 c6
9. Rd1 Nbd7 10. Bd3 dxc4 11. Bxc4 b5 12. Bd3 a6 13. Bb1 Qc7 14. Qc2 Re8 15. e4
e5 16. dxe5 Nxe5 17. Nxe5 Qxe5 18. O-O Bg4 19. f3 Bd6 20. Bg3 Qc5+ 21. Qf2 Bf8
22. e5 Rxe5 23. Bxe5 Qxe5 24. Rde1 Qc7 25. fxg4 Nxg4 26. Qh4 1-0

[Event "42. Torneo Capablanca In Memoriam-Open"]
[Site "La Habana CUB"]
[Date "2007.05.19"]
[Round "2.17"]
[White "Morales, Pedro"]
[Black "Abreu Delgado, Aryam"]
[Result "1/2-1/2"]
[WhiteElo "2340"]
[BlackElo "2498"]
[PlyCount "65"]
[EventDate "2007.05.18"]
[EventType "swiss"]
[EventRounds "9"]
[EventCountry "CUB"]
[Source "lmi"]
[SourceDate "2007.05.18"]

1. e4 c5 2. Nf3 d6 3. d4 cxd4 4. Nxd4 Nf6 5. Nc3 a6 6. Bc4 e6 7. Bb3 b5 8. O-O
Be7 9. a4 b4 10. Na2 O-O 11. f3 Bb7 12. Be3 a5 13. c3 bxc3 14. Nxc3 Na6 15. Rc1
Nb4 16. Na2 Nxa2 17. Bxa2 Rc8 18. Qb3 Rb8 19. Qc2 Qd7 20. Qc7 Qxc7 21. Rxc7 Bd8
22. Rc2 Bb6 23. Bf2 Rfc8 24. Rfc1 Rxc2 25. Rxc2 Rc8 26. Rxc8+ Bxc8 27. Nc6
Bxf2+ 28. Kxf2 Bd7 29. Nxa5 Bxa4 30. Nb7 Ne8 31. Bc4 Kf8 32. b3 Bd7 33. b4
1/2-1/2

[Event "42. Torneo Capablanca In Memoriam-Open"]
[Site "La Habana CUB"]
[Date "2007.05.19"]
[Round "2.18"]
[White "Needleman, Alejandro"]
[Black "Gonzalez Vidal, Yuri"]
[Result "1-0"]
[WhiteElo "2357"]
[BlackElo "2493"]
[PlyCount "135"]
[EventDate "2007.05.18"]
[EventType "swiss"]
[EventRounds "9"]
[EventCountry "CUB"]
[Source "lmi"]
[SourceDate "2007.05.18"]

1. c4 c5 2. Nf3 Nc6 3. d4 cxd4 4. Nxd4 Nf6 5. Nc3 e6 6. g3 Qb6 7. Nc2 d5 8. Bg2
dxc4 9. O-O Be7 10. Ne3 Na5 11. Nxc4 Nxc4 12. Qa4+ Bd7 13. Qxc4 Rc8 14. Qb3 Bc6
15. Qxb6 axb6 16. a4 O-O 17. Be3 Nd7 18. Rfd1 Ne5 19. Bd4 Nc4 20. Nb5 Bxg2 21.
Kxg2 Bc5 22. Bc3 Rfd8 23. Rac1 Bf8 24. Rxd8 Rxd8 25. Bd4 Rxd4 26. Nxd4 Nxb2 27.
Ra1 g6 28. Ra2 Nc4 29. Rc2 Na5 30. Rc7 Bd6 31. Rd7 Bc5 32. Nf3 Kf8 33. g4 h6
34. Nd2 Ke8 35. Rd3 f5 36. h3 Ke7 37. Nf3 Nc6 38. gxf5 gxf5 39. Nd2 Nb4 40. Rg3
Kf6 41. Rg8 Nd5 42. e3 Nc3 43. Ra8 e5 44. Nb3 Bd6 45. Kf1 f4 46. exf4 exf4 47.
Kg2 Ke5 48. Kf3 Kd5 49. Rh8 Nxa4 50. Rxh6 Nc5 51. Nd2 b5 52. Rg6 b4 53. Rg1 Nd3
54. Ke2 Ne5 55. h4 f3+ 56. Nxf3 Nxf3 57. Kxf3 Kc4 58. Ke4 b3 59. h5 Bf8 60. Kf5
b2 61. Kg6 Bc5 62. Rb1 Kc3 63. f4 Kc2 64. Rxb2+ Kxb2 65. h6 b5 66. h7 Bd4 67.
f5 Bh8 68. f6 1-0

[Event "42. Torneo Capablanca In Memoriam-Open"]
[Site "La Habana CUB"]
[Date "2007.05.19"]
[Round "2.19"]
[White "Naranjo, Sebastian"]
[Black "Vera Gonzalez-Quevedo, Reynaldo"]
[Result "1/2-1/2"]
[WhiteElo "2039"]
[BlackElo "2481"]
[PlyCount "79"]
[EventDate "2007.05.18"]
[EventType "swiss"]
[EventRounds "9"]
[EventCountry "CUB"]
[Source "lmi"]
[SourceDate "2007.05.18"]

1. e4 c5 2. Nf3 d6 3. d4 Nf6 4. Nc3 cxd4 5. Nxd4 a6 6. Bg5 e6 7. f4 Be7 8. Qf3
h6 9. Bh4 Qc7 10. O-O-O Nbd7 11. Bd3 g5 12. fxg5 Ne5 13. Qe2 Nfg4 14. Nf3 hxg5
15. Bg3 Bd7 16. h3 Nxf3 17. Qxf3 Ne5 18. Bxe5 dxe5 19. Rhf1 f6 20. Qe2 O-O-O
21. Bc4 Kb8 22. Rf3 Bc8 23. Bb3 Rh4 24. Rfd3 Rxd3 25. Rxd3 Qc6 26. Rf3 b5 27.
a3 Bb7 28. g4 Rh8 29. Rd3 Rd8 30. Kb1 Rxd3 31. Qxd3 Kc7 32. Qf3 Kd7 33. Qd3+
Ke8 34. Qe3 Bd8 35. h4 gxh4 36. Qh3 Kd7 37. Qxh4 Qc5 38. Qh7+ Qe7 39. Qg6 Bc6
40. Ne2 1/2-1/2

[Event "42. Torneo Capablanca In Memoriam-Open"]
[Site "La Habana CUB"]
[Date "2007.05.19"]
[Round "2.20"]
[White "Colovic, Aleksandar"]
[Black "Arribas Robaina, Maritza"]
[Result "1-0"]
[WhiteElo "2463"]
[BlackElo "2335"]
[PlyCount "127"]
[EventDate "2007.05.18"]
[EventType "swiss"]
[EventRounds "9"]
[EventCountry "CUB"]
[Source "lmi"]
[SourceDate "2007.05.18"]

1. c4 e5 2. g3 Nc6 3. Bg2 Nf6 4. Nc3 Bb4 5. Nd5 Bc5 6. e3 O-O 7. Ne2 Nxd5 8.
cxd5 Ne7 9. O-O d6 10. d4 exd4 11. Nxd4 Bd7 12. Nb3 Bb6 13. Bd2 c6 14. dxc6
bxc6 15. Bc3 d5 16. Rc1 Re8 17. Re1 Rc8 18. Bb4 Ng6 19. Nc5 Bxc5 20. Bxc5 Qa5
21. a4 Ne5 22. b4 Qa6 23. Bf1 Qb7 24. Be2 Bf5 25. f3 h6 26. Kf2 Nd7 27. Qd4 Re6
28. Bf1 Rb8 29. b5 cxb5 30. axb5 Nxc5 31. Rxc5 Rd6 32. Rec1 Rd7 33. Rc6 Re8 34.
R1c3 Qb8 35. Be2 Qe5 36. Rc8 Qe7 37. Rxe8+ Qxe8 38. g4 Be6 39. Bd3 Qd8 40. Kg2
Rc7 41. Rc6 Qe7 42. Qc3 Rd7 43. Rc8+ Rd8 44. Qc7 Qxc7 45. Rxc7 Ra8 46. Kg3 Kf8
47. Kf4 f6 48. h4 g5+ 49. Kg3 Bf7 50. h5 Kg8 51. Kf2 Be8 52. Rb7 Bf7 53. Ke2
Be6 54. Re7 Bf7 55. Kd2 Be8 56. Rb7 Rc8 57. Rxa7 Rb8 58. Ra4 Kf7 59. Bg6+ Ke7
60. Bxe8 Kxe8 61. Rb4 Rb6 62. Kd3 Ke7 63. Kd4 Kd6 64. Rb3 1-0

[Event "42. Torneo Capablanca In Memoriam-Open"]
[Site "La Habana CUB"]
[Date "2007.05.19"]
[Round "2.21"]
[White "Gonzalez Perez, Arian"]
[Black "Piña Vega, Sulennis"]
[Result "1-0"]
[WhiteElo "2430"]
[BlackElo "2322"]
[PlyCount "75"]
[EventDate "2007.05.18"]
[EventType "swiss"]
[EventRounds "9"]
[EventCountry "CUB"]
[Source "lmi"]
[SourceDate "2007.05.18"]

1. e4 c5 2. Nf3 d6 3. d4 cxd4 4. Nxd4 Nf6 5. Nc3 Nc6 6. Bc4 e6 7. Be3 a6 8. Qe2
Bd7 9. O-O-O Na5 10. Bb3 b5 11. f3 Nxb3+ 12. axb3 b4 13. Na4 Qa5 14. g4 Bxa4
15. bxa4 Qxa4 16. Kb1 Rc8 17. g5 Nd7 18. f4 Nc5 19. f5 e5 20. Nb3 Nxb3 21. cxb3
Qxb3 22. Rc1 Ra8 23. f6 Qa4 24. Rc4 gxf6 25. Rhc1 Be7 26. gxf6 Bxf6 27. Qf3 Bd8
28. Rc7 Qb3 29. Rb7 a5 30. Qg4 Qe6 31. Qe2 Rg8 32. Qb5+ Kf8 33. Qc6 Rg2 34. Rd7
Kg7 35. Rxd6 Qb3 36. Bh6+ Kh8 37. Qe8+ Rg8 38. Bg7+ 1-0

[Event "42. Torneo Capablanca In Memoriam-Open"]
[Site "La Habana CUB"]
[Date "2007.05.19"]
[Round "2.22"]
[White "Blanco, Humberto"]
[Black "Guillen Ramirez, Jose Antonio"]
[Result "1/2-1/2"]
[WhiteElo "2405"]
[BlackElo "2246"]
[PlyCount "80"]
[EventDate "2007.05.18"]
[EventType "swiss"]
[EventRounds "9"]
[EventCountry "CUB"]
[Source "lmi"]
[SourceDate "2007.05.18"]

1. e4 c5 2. Nf3 Nc6 3. Bb5 Nf6 4. e5 Nd5 5. c3 e6 6. O-O Be7 7. d4 cxd4 8. cxd4
O-O 9. Nc3 Nxc3 10. bxc3 d5 11. exd6 Qxd6 12. a4 Qc7 13. Qe2 Bd7 14. Bd3 Rac8
15. Bb2 Bf6 16. Nd2 Rfd8 17. a5 g6 18. Nc4 Ne7 19. Ne3 Bc6 20. Ba3 Bg7 21. f4
Bd5 22. Bc5 b6 23. axb6 axb6 24. Bb4 Nc6 25. Ba3 Na5 26. Bb4 Nc4 27. Nxc4 Bxc4
28. Bxc4 Qxc4 29. Qxc4 Rxc4 30. Rab1 Ra8 31. Rf2 Bf8 32. Bxf8 Kxf8 33. Rxb6
Rxc3 34. Rd2 Rc4 35. Kf2 Rd8 36. Ke3 Rc3+ 37. Ke2 Rd7 38. Rbb2 Ke7 39. Rd3 Rc1
40. Rbd2 Rd5 1/2-1/2

[Event "42. Torneo Capablanca In Memoriam-Open"]
[Site "La Habana CUB"]
[Date "2007.05.19"]
[Round "2.23"]
[White "Diamant, Andre"]
[Black "Diaz Hernandez, Heriberto"]
[Result "1-0"]
[WhiteElo "2384"]
[BlackElo "2167"]
[PlyCount "57"]
[EventDate "2007.05.18"]
[EventType "swiss"]
[EventRounds "9"]
[EventCountry "CUB"]
[Source "lmi"]
[SourceDate "2007.05.18"]

1. e4 e5 2. Nf3 Nc6 3. Bb5 a6 4. Ba4 Nf6 5. O-O Nxe4 6. d4 b5 7. Bb3 d5 8. dxe5
Be6 9. Nbd2 Be7 10. c3 O-O 11. Bc2 f5 12. exf6 Nxf6 13. Nd4 Nxd4 14. cxd4 Bd6
15. Nf3 Bg4 16. Qd3 Qe8 17. Re1 Qh5 18. Ne5 Rae8 19. f3 Be6 20. Bf4 Ne4 21. Be3
Nf6 22. Qd2 Nd7 23. Bf4 Nb6 24. b3 Qh4 25. Bg5 Qh5 26. Bd3 c5 27. g4 Bxg4 28.
fxg4 Qh3 29. Re3 1-0

[Event "42. Torneo Capablanca In Memoriam-Open"]
[Site "La Habana CUB"]
[Date "2007.05.19"]
[Round "2.24"]
[White "Cabrera Trujillo, Jorge"]
[Black "Espinosa, Ermes"]
[Result "1/2-1/2"]
[WhiteElo "2334"]
[BlackElo "2380"]
[PlyCount "91"]
[EventDate "2007.05.18"]
[EventType "swiss"]
[EventRounds "9"]
[EventCountry "CUB"]
[Source "lmi"]
[SourceDate "2007.05.18"]

1. e4 c5 2. Nf3 Nc6 3. d4 cxd4 4. Nxd4 Nf6 5. Nc3 e5 6. Ndb5 d6 7. Bg5 a6 8.
Na3 b5 9. Bxf6 gxf6 10. Nd5 f5 11. Bd3 Be6 12. O-O Bxd5 13. exd5 Ne7 14. Re1
Bg7 15. c3 O-O 16. Qh5 e4 17. Bf1 Qc8 18. Rad1 Re8 19. Nc2 Ng6 20. g3 f4 21.
Nd4 Bxd4 22. Rxd4 Re5 23. Qh6 fxg3 24. hxg3 f5 25. Bg2 Qc5 26. g4 Rxd5 27. gxf5
Rxf5 28. Bxe4 Rg5+ 29. Kf1 Rf8 30. Qh3 Kh8 31. Bxg6 Rxg6 32. Re7 h6 33. Re6 Qg5
34. Rxg6 Qxg6 35. Qe3 Re8 36. Qf3 Qe6 37. Rg4 Rg8 38. Re4 Qg6 39. Qe3 Kh7 40.
Ke2 Rg7 41. Kd2 Qf5 42. Re6 Rg6 43. Re7+ Rg7 44. Re6 Rg6 45. Qa7+ Rg7 46. Qe3
1/2-1/2

[Event "42. Torneo Capablanca In Memoriam-Open"]
[Site "La Habana CUB"]
[Date "2007.05.19"]
[Round "2.25"]
[White "Cordova, Emilio"]
[Black "Cardenas Ballester, Maidelin"]
[Result "1-0"]
[WhiteElo "2507"]
[BlackElo "2098"]
[PlyCount "141"]
[EventDate "2007.05.18"]
[EventType "swiss"]
[EventRounds "9"]
[EventCountry "CUB"]
[Source "lmi"]
[SourceDate "2007.05.18"]

1. d4 d5 2. Nf3 c6 3. c4 e6 4. Qc2 f5 5. g3 Nf6 6. Bg2 Bd6 7. Bf4 Bxf4 8. gxf4
Ne4 9. e3 Nd7 10. O-O O-O 11. Ne5 Qh4 12. f3 Nd6 13. c5 Nf7 14. Nd3 Nf6 15. Nc3
Kh8 16. Qf2 Qh6 17. Qg3 g5 18. fxg5 Nxg5 19. Kh1 Rg8 20. Ne5 Rg7 21. Rg1 Bd7
22. f4 Nf7 23. Qh3 Qxh3 24. Bxh3 Rag8 25. Nxd7 Rxg1+ 26. Rxg1 Rxg1+ 27. Kxg1
Nxd7 28. b4 a6 29. Bf1 Kg7 30. Nb1 Nf6 31. h3 Ne4 32. a4 Kf6 33. Bg2 Ke7 34.
Bf3 Nh6 35. Be2 Ng8 36. Kg2 Ngf6 37. Kf3 Kd7 38. b5 axb5 39. axb5 Kc7 40. b6+
Kd7 41. Bd1 Kd8 42. Bc2 Kd7 43. Bd3 Kc8 44. Kg2 Kd7 45. Na3 Kc8 46. Nc2 h6 47.
Ne1 Kd8 48. Nf3 Nd7 49. Bxe4 dxe4 50. Nd2 Nf6 51. Nc4 Nd5 52. Kf2 Kc8 53. Nd6+
Kb8 54. Nf7 h5 55. Ng5 h4 56. Nxe6 Kc8 57. Ng7 Ne7 58. Ne8 Kb8 59. Nd6 Ka8 60.
Ke2 Kb8 61. Kd2 Ka8 62. Kc2 Kb8 63. Kb3 Ka8 64. Kc4 Kb8 65. d5 cxd5+ 66. Kd4
Nc6+ 67. Kxd5 Nb4+ 68. Kc4 Nd3 69. Nxf5 Nf2 70. Nxh4 Nxh3 71. Nf5 1-0

[Event "42. Torneo Capablanca In Memoriam-Open"]
[Site "La Habana CUB"]
[Date "2007.05.19"]
[Round "2.26"]
[White "Zambrana, Oswaldo"]
[Black "Aguero, Luis Lazaro"]
[Result "0-1"]
[WhiteElo "2495"]
[BlackElo "2263"]
[PlyCount "70"]
[EventDate "2007.05.18"]
[EventType "swiss"]
[EventRounds "9"]
[EventCountry "CUB"]
[Source "lmi"]
[SourceDate "2007.05.18"]

1. e4 c6 2. d4 d5 3. Nc3 dxe4 4. Nxe4 Nd7 5. Bd3 Ngf6 6. Ng5 e6 7. N1f3 Bd6 8.
Qe2 h6 9. Ne4 Nxe4 10. Qxe4 Nf6 11. Qe2 b6 12. O-O O-O 13. b3 Qe7 14. a4 Bb7
15. Ne5 c5 16. dxc5 Bxc5 17. Bb2 Rfd8 18. Rad1 Rac8 19. h3 Nd5 20. Be4 Qh4 21.
Qg4 Qxg4 22. hxg4 Ba8 23. g3 Ne3 24. Rxd8+ Rxd8 25. Bxa8 Nxf1 26. b4 Rxa8 27.
bxc5 Nd2 28. cxb6 axb6 29. Bc1 Ne4 30. Be3 Nc5 31. Nc4 Nxa4 32. Nxb6 Nxb6 33.
Bxb6 Rc8 34. Bd4 Rxc2 35. Kg2 Rc4 0-1

[Event "42. Torneo Capablanca In Memoriam-Open"]
[Site "La Habana CUB"]
[Date "2007.05.19"]
[Round "2.27"]
[White "Ramon Pita, Vivian"]
[Black "Borges Mateos, Juan"]
[Result "0-1"]
[WhiteElo "2259"]
[BlackElo "2482"]
[PlyCount "82"]
[EventDate "2007.05.18"]
[EventType "swiss"]
[EventRounds "9"]
[EventCountry "CUB"]
[Source "lmi"]
[SourceDate "2007.05.18"]

1. Nf3 d5 2. b3 Bg4 3. Bb2 Nd7 4. d4 e6 5. Nbd2 c6 6. e3 f5 7. h3 Bh5 8. Be2
Bd6 9. Ne5 Bxe2 10. Qxe2 Ngf6 11. O-O-O a5 12. a4 O-O 13. f3 Qc7 14. Nxd7 Qxd7
15. g4 b5 16. axb5 cxb5 17. Nb1 a4 18. bxa4 Rxa4 19. Rhg1 Rc8 20. Qd3 Be7 21.
Rd2 Ne8 22. gxf5 exf5 23. Rdg2 Bf6 24. Qb3 Qe6 25. Re2 Nd6 26. Rge1 Bh4 27. Rg1
Be7 28. Nc3 Rac4 29. Kb1 b4 30. Na4 Nb5 31. Nc5 Bxc5 32. dxc5 Nc3+ 33. Bxc3
bxc3 34. Qb7 g6 35. e4 R4xc5 36. Rge1 fxe4 37. fxe4 d4 38. Rf2 Ra5 39. Qb3
Qxb3+ 40. cxb3 d3 41. Rc1 Rac5 0-1

[Event "42. Torneo Capablanca In Memoriam-Open"]
[Site "La Habana CUB"]
[Date "2007.05.19"]
[Round "2.28"]
[White "Corrales Jimenez, Fidel"]
[Black "Hernandez, Ramon"]
[Result "1/2-1/2"]
[WhiteElo "2479"]
[BlackElo "2252"]
[PlyCount "93"]
[EventDate "2007.05.18"]
[EventType "swiss"]
[EventRounds "9"]
[EventCountry "CUB"]
[Source "lmi"]
[SourceDate "2007.05.18"]

1. e4 c5 2. Nf3 Nc6 3. d4 cxd4 4. Nxd4 Nf6 5. Nc3 d6 6. Bg5 e6 7. Qd2 a6 8.
O-O-O Bd7 9. f4 h6 10. Bh4 g5 11. fxg5 Ng4 12. g3 hxg5 13. Bxg5 Qxg5 14. Qxg5
Bh6 15. Qxh6 Rxh6 16. Rd2 Nxd4 17. Rxd4 Nf2 18. Rg1 Rxh2 19. Rxd6 Ke7 20. Rd2
Rg8 21. Bg2 Nh3 22. Bxh3 Rxh3 23. Rd3 Rg4 24. a4 Bc6 25. Re3 Kd6 26. b4 Ke5 27.
Kb2 Bxe4 28. Nxe4 Rxe4 29. Rxe4+ Kxe4 30. g4 b5 31. a5 Kd5 32. Rf1 Rg3 33. Rxf7
Rxg4 34. Kb3 Rc4 35. Rd7+ Ke5 36. c3 Rc6 37. Kc2 Rd6 38. Rb7 Kd5 39. Kc1 e5 40.
Kc2 e4 41. Rb8 Rh6 42. Rb6 Rh2+ 43. Kd1 Kc4 44. Rxa6 Kxc3 45. Re6 Kxb4 46.
Rxe4+ Kxa5 47. Kc1 1/2-1/2

[Event "42. Torneo Capablanca In Memoriam-Open"]
[Site "La Habana CUB"]
[Date "2007.05.19"]
[Round "2.29"]
[White "Llaudy Pupo, Lisandra"]
[Black "Siebrecht, Sebastian"]
[Result "1-0"]
[WhiteElo "2245"]
[BlackElo "2464"]
[PlyCount "97"]
[EventDate "2007.05.18"]
[EventType "swiss"]
[EventRounds "9"]
[EventCountry "CUB"]
[Source "lmi"]
[SourceDate "2007.05.18"]

1. e4 c5 2. Nf3 e6 3. d3 Nc6 4. g3 Nge7 5. Bg2 g6 6. O-O Bg7 7. Re1 O-O 8. c3
d5 9. e5 h6 10. h4 f6 11. exf6 Rxf6 12. Be3 b6 13. d4 Nf5 14. Nbd2 Nxe3 15.
Rxe3 Qf8 16. Qe2 a5 17. Bh3 cxd4 18. cxd4 Ba6 19. Qe1 Nb4 20. Rc3 Kh7 21. Ne5
Bb5 22. a3 Na6 23. Rac1 Rd8 24. Rb3 Qe8 25. Ndf3 a4 26. Rxb5 Qxb5 27. Bf1 Qxb2
28. Bxa6 Qxa3 29. Ra1 Qb3 30. Rb1 Qa3 31. Ra1 Qb3 32. Nd2 Qb2 33. Rxa4 b5 34.
Nd3 Qc3 35. Bxb5 Rb8 36. Ba6 Rb6 37. Qe2 Rf8 38. Nf3 Rb1+ 39. Kg2 Rfb8 40. Qxe6
Qc2 41. Ra5 R8b6 42. Qe3 Qc3 43. Rc5 Qa1 44. Rc7 Qa3 45. Qe5 Qf8 46. Nc5 Rc1
47. Bd3 Rc6 48. Rb7 Qf6 49. Qe8 1-0

[Event "42. Torneo Capablanca In Memoriam-Open"]
[Site "La Habana CUB"]
[Date "2007.05.19"]
[Round "2.30"]
[White "Perez Mitjans, Orelvis"]
[Black "Linares Napoles, Oleiny"]
[Result "1-0"]
[WhiteElo "2433"]
[BlackElo "2241"]
[PlyCount "109"]
[EventDate "2007.05.18"]
[EventType "swiss"]
[EventRounds "9"]
[EventCountry "CUB"]
[Source "lmi"]
[SourceDate "2007.05.18"]

1. e4 e5 2. d4 exd4 3. Qxd4 Nc6 4. Qe3 Nf6 5. Nc3 Bb4 6. Bd2 O-O 7. O-O-O Re8
8. Qg3 Rxe4 9. a3 Bd6 10. f4 Re8 11. Nf3 Bf8 12. f5 d5 13. Bg5 Bxf5 14. Nxd5
Ne4 15. Qf4 Qc8 16. Nh4 Bg4 17. Bc4 Nd6 18. Nf6+ Kh8 19. Rde1 Be6 20. Bd3 g6
21. Nxe8 Nxe8 22. Bh6 Bg7 23. Bxg7+ Kxg7 24. Rhf1 Qd7 25. Nf3 h6 26. Nh4 g5 27.
Nf5+ Bxf5 28. Qxf5 Qxf5 29. Bxf5 Nf6 30. Be4 Nxe4 31. Rxe4 f6 32. Rd1 Ne5 33.
Red4 Re8 34. Rd8 Re6 35. Rb8 b6 36. Rb7 Re7 37. Rxa7 Nc6 38. Ra8 h5 39. b4 f5
40. b5 Ne5 41. a4 f4 42. a5 bxa5 43. Rxa5 Kf6 44. Ra7 Nc4 45. Ra6+ Kf5 46. Rc6
Ne3 47. Rd2 Re5 48. c4 Re4 49. c5 Nc4 50. Rxc7 Nxd2 51. Kxd2 Rb4 52. b6 g4 53.
b7 Ke4 54. c6 Rb2+ 55. Kc3 1-0